Logic Puzzle #1 - Statistics

General Stats
  • This quiz has been taken 620 times
  • The average score is 12 of 20
Answers on the Grid
Answers color-coded by a green-red scale on the quiz's grid according to % correct below.
A: All Vowels are Innocent.
B: Exactly 1 Criminal is on a Diagonal.
C: No Criminal is on a Corner.
D: I is a Criminal.
E: Every Letter with no statement is Innocent.
F
G: Row 1 and Column 1 both have Criminals in them.
H: The 5 Criminals spell a 5 letter word.
I: Row 5 is entirely Innocent.
J: A and G are Innocent.
K: Column 2 contains more than 1 Criminal.
L
M: More Columns have exactly 2 Criminals than Rows with exactly 2 Criminals.
N: One of these words contains 3 Criminals: LOAF, DUSK, PINE,
O: My row and column combined contain only 1 Criminal.
P: Everybody Orthagonally Adjacent to me is Innocent.
Q: The word "PARTY" contains exactly 1 Criminal.
R: H is a Criminal.
S: Column 4 is entirely Innocent.
T
U: There are more criminals in Row 4 than Column 5.
V
W
X: Only One Criminal is Vertically Symmetrical.
Y: There are exactly 3 Criminals on the edge of the grid.
 
Answer Stats
Answer % Correct
A: All Vowels are Innocent.
79%
E: Every Letter with no statement is Innocent.
78%
I: Row 5 is entirely Innocent.
75%
U: There are more criminals in Row 4 than Column 5.
75%
V
70%
W
70%
Y: There are exactly 3 Criminals on the edge of the grid.
70%
O: My row and column combined contain only 1 Criminal.
69%
L
67%
F
66%
T
66%
X: Only One Criminal is Vertically Symmetrical.
57%
G: Row 1 and Column 1 both have Criminals in them.
55%
C: No Criminal is on a Corner.
50%
J: A and G are Innocent.
43%
B: Exactly 1 Criminal is on a Diagonal.
35%
N: One of these words contains 3 Criminals: LOAF, DUSK, PINE,
35%
M: More Columns have exactly 2 Criminals than Rows with exactly 2 Criminals.
31%
R: H is a Criminal.
31%
Q: The word "PARTY" contains exactly 1 Criminal.
30%
No matching quizzes found
Score Distribution
Percent of People with Each Score
Percentile by Number Answered
Your Score History
You have not taken this quiz